00446nam a22001457a 450000500170000000800410001702000150005804100080007308000160008110000190009724500500011626400200016630000260018665300880021220230913120708.0230913s1985 enk||||| |||| 00| 0 eng d a0714112755 aeng a94(37) W-19 a Walker, Susan aMemorials to the Roman dead /c Susan Walker. aLondon, c1985. a64 p.:bill.;c25 cm. aრომაელი დაღუპულების მემორიალი